County school fairs in Virginia. (Record no. 19471)

MARC details
000 -LEADER
fixed length control field 00911cam a22002531 4500
001 - CONTROL NUMBER
control field e 13000445
003 - CONTROL NUMBER IDENTIFIER
control field DLC
005 - DATE AND TIME OF LATEST TRANSACTION
control field 20260227111159.0
007 - PHYSICAL DESCRIPTION FIXED FIELD--GENERAL INFORMATION
fixed length control field cr_|||||||||||
008 - FIXED-LENGTH DATA ELEMENTS--GENERAL INFORMATION
fixed length control field 810217s1913 vau 000 0 eng c
010 ## - LIBRARY OF CONGRESS CONTROL NUMBER
LC control number e 13000445
035 ## - SYSTEM CONTROL NUMBER
System control number (OCoLC)7132190
040 ## - CATALOGING SOURCE
Original cataloging agency Library, U.S. Bur. of Education
Transcribing agency Vi
Modifying agency Vi
-- DLC
042 ## - AUTHENTICATION CODE
Authentication code premarc
050 00 - LIBRARY OF CONGRESS CALL NUMBER
Classification number L899
Item number .V5 1913
110 1# - MAIN ENTRY--CORPORATE NAME
Corporate name or jurisdiction name as entry element Virginia.
Subordinate unit Department of Public Instruction.
245 00 - TITLE STATEMENT
Title County school fairs in Virginia.
250 ## - EDITION STATEMENT
Edition statement (2d. ed.)
Remainder of edition statement Issued by Department of Public Instruction of Virginia. J.D. Eggleston, superintendent. December, 1912.
260 ## - PUBLICATION, DISTRIBUTION, ETC.
Place of publication, distribution, etc. Richmond,
Name of publisher, distributor, etc. D. Bottom, Supt. of Public Print.,
Date of publication, distribution, etc. 1913.
300 ## - PHYSICAL DESCRIPTION
Extent 58 p.
Other physical details illus., diagrs.
Dimensions 23 cm.
500 ## - GENERAL NOTE
General note Cover title.
530 ## - ADDITIONAL PHYSICAL FORM AVAILABLE NOTE
Additional physical form available note Also available in digital form on the Internet Archive Web site.
856 41 - ELECTRONIC LOCATION AND ACCESS
Uniform Resource Identifier <a href="http://hdl.loc.gov/loc.gdc/scd0001.0021521350A">http://hdl.loc.gov/loc.gdc/scd0001.0021521350A</a>

No items available.

Powered by Koha